000 00661nam a2200205 a 4500
001 000020229
005 20200929170325.0
008 100728s2005 dr c 000 0 spa d
020 _a9993439401
040 _aDO-SdBNP
_bspa
_cBNPHU
082 _a922.2
_bF677p
100 1 _aFont-Bernard, R. A.
_917078
245 1 3 _aEl Padre Billini :
_bsu vida y su obra /
_cR. A. Font-Bernard.
260 _aSanto Domingo :
_bBúho,
_c2005.
300 _a72 p. :
_bretrs.
504 _aBibliografía: p. 67
600 1 0 _aBillini, Francisco Xavier
_d1844-1890
_942836
650 4 _aClero
_zRepública Dominicana
_xBiografía
_942837
910 _aValidado. Control de calidad MFF
999 _c19734
_d19734